Datum a čas kvízu
27.5
Celkem bodů
Celkový počet nahraných bodů na tomto kvízu bez doplňovacích otázek.
4.
Pořadí na kvízu
Konečné umístění týmu na tomto kvízu.
Zaznamenané odpovědi
| # | Otázka | Odpověď | Body | Výsledky |
|---|---|---|---|---|
| 1. | V pondělí jsme si připomněli 1... | 42 osobností | 1 | |
| 2. | V pátek padla jedna z poslední... | Rakousko | 1 | |
| 3. | Televizní stanice HBO připravu... | House of the Dragon/Rod draka | 0 | |
| 4. | Minulý týden byla oznámena dal... | Fitbit | 0 | |
| 5. | Olympijské maratónské a chodec... | Sapporo | 0 | |
| 6. | Jako československá nová vlna... | Přelet nad kukaččím hnízdem, Amadeus | 0 | |
| 7. | Zřejmě nejpopulárnějším snímke... | dr. Ulrich | 1 | |
| 8. | Démanty noci, snímek režiséra... | Arnošt Lustig | 0 | |
| 9. | Do československé nové vlny js... | Herz, Jakubisko | 1 | |
| 10. | Nedávno zesnulá Vlasta Chramos... | Stanislav Milota | 0 |